Statistiques concernant Culture Générale - Série 41

Cliquez ici pour prendre le quiz!

Statistiques générales

  • Ce quiz a été pris 206 fois
  • Le résultat moyen est 4 sur 10

Statistiques - réponses

QuestionRéponse% Correct
Par quel auteur de l’Antiquité grecque dit-on que Jean de La Fontaine a été inspiré ?Esope
56%
Quelle héroïne revient dans 12 des ouvrages d'Agatha Christie ?Miss Marple
54%
Qui a écrit "les Hauts de Hurlevent" ?Emily Bronte
51%
Qui a écrit “Le portrait de Dorian Gray” ?Oscar Wilde
50%
Quel personnage a été créé par Maurice Leblanc ?Arsène Lupin
48%
Qui est le créateur du personnage de bandes dessinées « Lucky Luke » ?Morris
47%
De quelle nationalité est l’écrivain Franz Kafka ?Autrichienne
41%
Qui est l’actrice qui jouait le rôle d’une fillette dans le film “Jeux interdits” ?Brigitte Fossey
32%
Qui a écrit « Les Fausses confidences » ?Marivaux
16%
Quel écrivain a donné naissance au personnage dont le nom est « Le bossu » ?Paul Feval
10%

Distribution des résultats

Percentile par nombre de réponses

% des personnes avec chaque résultat

Votre développement - résultats

Vous n’avez pas pris ce quiz